|
|
|
|
| LEADER |
00000nam0a2200000 4500 |
| 001 |
260646 |
| 005 |
20240220120144.0 |
| 010 |
|
|
|a 9785438703198
|
| 035 |
|
|
|a (RuTPU)RU\TPU\book\283599
|
| 090 |
|
|
|a 260646
|
| 100 |
|
|
|a 20140516d2013 m y0rusy50 ca
|
| 101 |
0 |
|
|a rus
|
| 102 |
|
|
|a RU
|
| 105 |
|
|
|a a j 001zy
|
| 200 |
1 |
|
|a Теория и реализация задач вычислительной математики в пакете MathCad
|e учебное пособие
|f Национальный исследовательский Томский политехнический университет (ТПУ) ; сост. А. И. Кочегуров ; Е. А. Кочегурова
|
| 210 |
|
|
|a Томск
|c Изд-во ТПУ
|d 2013
|
| 215 |
|
|
|a 124 с.
|c ил.
|
| 320 |
|
|
|a Библиогр.: с. 121-123.
|
| 330 |
|
|
|a В пособии приведены основные теоретические сведения по постановке и методам решения основных задач вычислительной математики. Предназначено для студентов, обучающихся по направлению 231000 «Информатика и вычислительная техника».
|
| 606 |
1 |
|
|a Вычислительная математика
|2 stltpush
|3 (RuTPU)RU\TPU\subj\4022
|9 32338
|
| 610 |
1 |
|
|a MathCAD
|
| 610 |
1 |
|
|a вычисления
|
| 610 |
1 |
|
|a алгоритмы
|
| 610 |
1 |
|
|a погрешности
|
| 610 |
1 |
|
|a численное интегрирование
|
| 610 |
1 |
|
|a нелинейные уравнения
|
| 610 |
1 |
|
|a линейная алгебра
|
| 610 |
1 |
|
|a задачи
|
| 610 |
1 |
|
|a решения
|
| 610 |
1 |
|
|a обыкновенные дифференциальные уравнения
|
| 610 |
1 |
|
|a функции
|
| 610 |
1 |
|
|a экспериментальные данные
|
| 610 |
1 |
|
|a аппроксимация
|
| 610 |
1 |
|
|a учебные пособия
|
| 610 |
1 |
|
|a труды учёных ТПУ
|
| 675 |
|
|
|a 519.6(075.8)
|v 3
|
| 702 |
|
1 |
|a Кочегуров
|b А. И.
|c специалист в области информатики и вычислительной техники
|c доцент Томского политехнического университета, кандидат технических наук
|f 1954-
|g Александр Иванович
|3 (RuTPU)RU\TPU\pers\25544
|4 220
|9 11474
|
| 702 |
|
1 |
|a Кочегурова
|b Е. А.
|c специалист в области информатики и вычислительной техники
|c доцент Томского политехнического университета, кандидат технических наук
|f 1958-
|g Елена Алексеевна
|3 (RuTPU)RU\TPU\pers\27090
|4 220
|9 12640
|
| 712 |
0 |
2 |
|a Национальный исследовательский Томский политехнический университет (ТПУ)
|c (2009- )
|3 (RuTPU)RU\TPU\col\15902
|
| 801 |
|
1 |
|a RU
|b 63413507
|c 20140516
|
| 801 |
|
2 |
|a RU
|b 63413507
|c 20140526
|g RCR
|
| 942 |
|
|
|c BK
|